Normal view
MARC view
- مناهج واساليب تدريس الرياضيات
Entry Topical Term
001 - CONTROL NUMBER
- control field: 57606
003 - CONTROL NUMBER IDENTIFIER
- control field: JO-AjAnu
005 - DATE AND TIME OF LATEST TRANSACTION
- control field: 20230606083431.0
008 - FIXED-LENGTH DATA ELEMENTS
- fixed length control field: 230606|| aca||aabn | a|a d
040 ## - CATALOGING SOURCE
- Original cataloging agency: JO-AjAnu
- Transcribing agency: JO-AjAnu
150 ## - HEADING--TOPICAL TERM
- Topical term or geographic name entry element: مناهج واساليب تدريس الرياضيات
670 ## - SOURCE DATA FOUND
- Source citation: Work cat.: (JO-AjAnu)29393: اعداد البدارين، رائدة محمد خلف؛ اشراف احمد حسن القضاة, author 57605, اثر استخدام نموذج التعلم التوليدي على تحصيل طلبة الصف السابع الاساسي واتجاهاتهم نحو تعلم الرياضيات=The Effect of using generative learning model on achievement and students attitudes towards learning mathematics of the seventh grade